SEC Football Teams by Color - Statistics

General Stats
  • This quiz has been taken 163 times
  • The average score is 14 of 16
Answer Stats
Picture Answer % Correct
Texas
95%
LSU
94%
Alabama
91%
Auburn
91%
Vanderbilt
91%
Florida
90%
Ole Miss
90%
Tennessee
90%
Kentucky
88%
Texas A&M
88%
Missouri
86%
Mississippi State
85%
Arkansas
84%
Georgia
84%
South Carolina
82%
Oklahoma
76%
No matching quizzes found
Score Distribution
Percent of People with Each Score
Percentile by Number Answered
Your Score History
You have not taken this quiz